000 01102nam a2200301 a 4500
999 _c100687
_d100687
003 BLK
005 20250312152753.0
008 180409b bul|||||r ||||||| ||bul||
010 _aKNG00105712000
020 _a954-8642-86-7
040 _aBLK
041 _aBUL
_cBUL
080 _aБългарска литература
_b821.163.2
_x-1
_z821.163.2-1
100 1 _aЛевчев, Владимир Любомиров
_d1957-
_gПоет, писател, изкуствовед. Преводач от английски и руски език
_988159
139 _aЛевчев, Владимир Любомиров
_bЛ 36
245 1 0 _aЧерна книга
_bСтихотворения
_cВладимир Левчев.
257 _aBGR
260 _aСофия
_bСвободно поет. о-во
_c1997
_fСофия : Анго бой
300 _a48 с.
_c23 см
380 _aX
852 _aЦб 214607
856 4 _qpdf
856 4 _qpdf
942 _cKNG
_n0
_s1
944 _aCR
_c01.01.1999
_k30560
_lГеновева Генчева
944 _aED
_c26.05.2003
999 _d100687